Library Banner

Beyond the bottom line : (Record no. 97728)

MARC details
000 -LEADER
fixed length control field 00743cam a22002294a 4500
001 - CONTROL NUMBER
control field 11984203
005 - DATE AND TIME OF LATEST TRANSACTION
control field 20170829105845.0
008 - FIXED-LENGTH DATA ELEMENTS--GENERAL INFORMATION
fixed length control field 000424s2000 ctua b 001 0 eng
020 ## - INTERNATIONAL STANDARD BOOK NUMBER
International Standard Book Number 1567204147 (alk. paper)
040 ## - CATALOGING SOURCE
Transcribing agency PK-LaUMT
082 00 - DEWEY DECIMAL CLASSIFICATION NUMBER
Classification number 658.408
Edition number 21
Item number QUA-B
100 1# - MAIN ENTRY--PERSONAL NAME
Personal name Quarter, Jack
245 10 - TITLE STATEMENT
Title Beyond the bottom line :
Remainder of title socially innovative business owners /
Statement of responsibility, etc Jack Quarter
260 ## - PUBLICATION, DISTRIBUTION, ETC. (IMPRINT)
Place of publication, distribution, etc Westport, Conn. :
Name of publisher, distributor, etc Quorum Books ,
Date of publication, distribution, etc 2000
300 ## - PHYSICAL DESCRIPTION
Extent xii, 203 p. :
Other physical details ill. ;
Dimensions 24 cm.
650 #0 - SUBJECT ADDED ENTRY--TOPICAL TERM
Topical term or geographic name as entry element Social responsibility of business
650 #0 - SUBJECT ADDED ENTRY--TOPICAL TERM
Topical term or geographic name as entry element Industrial management
General subdivision Social aspects
650 #0 - SUBJECT ADDED ENTRY--TOPICAL TERM
Topical term or geographic name as entry element Industrial management
General subdivision Employee participation
650 #0 - SUBJECT ADDED ENTRY--TOPICAL TERM
Topical term or geographic name as entry element Businesspeople
General subdivision Attitudes
650 #0 - SUBJECT ADDED ENTRY--TOPICAL TERM
Topical term or geographic name as entry element Business ethics
942 ## - ADDED ENTRY ELEMENTS (KOHA)
Koha item type Books
Holdings
Withdrawn status Lost status Damaged status Home library Current library Date acquired Full call number Barcode Date last seen Price effective from Koha item type
      UMT Main Campus UMT Main Campus 2017-08-29 658.408 QUA-B 114263 2017-08-29 2017-08-29 Books